000 00502nam a2200193Ia 4500
001 12471
003 GE_BSU
008 181216s||||||||xx |||||||||||||| ||und||
040 _cGE_BSU
080 _a633(075.8)
245 _aРастениеводство
245 _cПод.ред. В.Н.Степанова
260 _aМосква
260 _bГоссельхозиздат
260 _c1959
300 _a426стр.илл.27см.
653 _aРастениеводство
942 _cBK
999 _c45645
_d45645